000 00382nam a2200109Ia 4500
008 221009s9999 xx 000 0 und d
082 _a954
100 _aश्रीवास्‍तव, रामसेवक
_963092
245 0 _aस्‍वतंत्रता संग्राम
260 _bनेशनल बुक ट्रस्‍ट इंडिया
942 _cBK
999 _c64997
_d64997